Project (Record no. 118746)

MARC details
000 -LEADER
fixed length control field 00679cas a22002295a 4500
001 - CONTROL NUMBER
control field ##L115547
008 - FIXED-LENGTH DATA ELEMENTS--GENERAL INFORMATION
fixed length control field 011112c1989 xxkmr p 0 a0eng u
022 1# - INTERNATIONAL STANDARD SERIAL NUMBER
International Standard Serial Number 0957-7033
035 ## - SYSTEM CONTROL NUMBER
System control number (Sirsi) u115547
041 0# - LANGUAGE CODE
Language code of text/sound track or separate title eng
110 2# - MAIN ENTRY--CORPORATE NAME
Corporate name or jurisdiction name as entry element Association for Project Management
9 (RLIN) 3835
245 00 - TITLE STATEMENT
Title Project
Remainder of title Magazine of the Association for Project Management
260 ## - PUBLICATION, DISTRIBUTION, ETC.
Place of publication, distribution, etc. Leighton Buzzard
Name of publisher, distributor, etc. Impact
Date of publication, distribution, etc. 1989-
362 ## - DATES OF PUBLICATION AND/OR SEQUENTIAL DESIGNATION
Dates of publication and/or sequential designation November 2001-
510 2# - CITATION/REFERENCES NOTE
Name of source Knowledge Alert
Location within source 2006-
520 ## - SUMMARY, ETC.
Summary, etc. Kept for one year
554 ## -
-- 10 per year
651 #4 - SUBJECT ADDED ENTRY--GEOGRAPHIC NAME
Geographic name United Kingdom
Chronological subdivision
690 ## - LOCAL SUBJECT ADDED ENTRY--TOPICAL TERM (OCLC, RLIN)
Topical term or geographic name as entry element Project management
9 (RLIN) 6261
780 00 - PRECEDING ENTRY
Title Bulletin of the Association of Project Managers
942 ## - ADDED ENTRY ELEMENTS (KOHA)
Suppress in OPAC 0
Holdings
Withdrawn status Lost status Source of classification or shelving scheme Damaged status Not for loan Home library Current library Shelving location Date acquired Total Checkouts Full call number Barcode Date last seen Price effective from Koha item type
    Dewey Decimal Classification     London London Gallery 12/11/2001   PROJECT 115547-1001 06/08/2019 06/08/2019 Journal